=LDR 00000nam 2200000 4500 =001 INLIS000000000002597 =005 20130612090924 =008 ***********************************Ind** =035 ##$$0010-061300000002597 =041 ##$$a Ind =082 ##$$a 616.35 =090 ##$$a 616.35, Hea w =100 ##$$a Heatly, Richard =245 ##$$a Wasir, susah buang air besar dan kelainan usus lain, Richard Heatly; alih bahasa, Petrus Andrianto =260 ##$$a 1990 $b Jakarta =300 ##$$a ix, 118 hkm, ilus, 19 cm =650 ##$$a Wasir =850 ##$$a NBPNMAT =990 ##$$a 0001/BPAP-NTB/2016